000 00800nam a2200277 i 4500
001 bg
100 1 _aLEVINE-YOUNG, Margaret
245 1 0 _aInternet FAQs :
_bczęsto zadawane pytania /
_cMargaret Levine Young, John R. Levine ; [oprac. wersji polskiej Janusz Machowski].
246 _iTyt. oryg.:
_aInternet FAQs
260 _aWarszawa :
_bREAD ME,
_c1996.
300 _aXXVIII, 407 s. :
_brys. ;
_c24 cm.
490 1 _aInternet
500 _aOryg. : "Internet FAQs".
504 _aIndeks.
630 0 9 _aInternet
700 1 _aLEVINE, John R.
700 1 _aMACHOWSKI, Janusz.
_eOprac.
830 _aInternet
020 _a8371470428
040 _cBPK
041 1 _apl
_hen
080 _a681.324
920 _a83-7147-042-8
942 _cKS
008 s pl f |000 0 pol
999 _c32399
_d32399
856 _uhttp://koha.tu.koszalin.pl/cgi-bin/koha/opac-detail.pl?biblionumber=32399
_yKatalog online BPK